| 000 | 01124nam a22003497a 4500 | ||
|---|---|---|---|
| 003 | CHAP | ||
| 005 | 20220329140140.0 | ||
| 008 | 971013s1983 r 00010 d | ||
| 010 | _a47712 | ||
| 011 | _a48684 | ||
| 035 | _a52830 | ||
| 040 | _cCHAP | ||
| 090 | _aFolleto 8788 | ||
| 100 | 0 | 0 |
_aPérez Salvador, Blanca R. _990010 |
| 245 | _aAlgunos desarrollos en la teoría del muestreo | ||
| 260 |
_aMéxico : _bIIMAS, _c1983 |
||
| 300 | _a36 h. | ||
| 490 | _aComunicaciones técnicas. serie naranja | ||
| 590 |
_aBATCH-UPD _b10 _c20130110 _lUCH01 _h0007 |
||
| 590 |
_aBATCH-UPD _b10 _c20130110 _lUCH01 _h1214 |
||
| 590 |
_aBATCH-UPD _b10 _c20130409 _lUCH01 _h1943 |
||
| 590 |
_aBATCH-UPD _b10 _c20130410 _lUCH01 _h0752 |
||
| 590 |
_aBATCH-UPD _b10 _c20130914 _lUCH01 _h1821 |
||
| 590 |
_aCONVERSION _b10 _c20130109 _lUCH01 _h1326 |
||
| 650 | 1 | 4 |
_aMuestreo estadístico. _979288 |
| 650 | 1 | 4 |
_aProbabilidades. _991687 |
| 700 | 0 |
_aMéndez Ramírez, Ignacio. _976569 |
|
| 830 | 0 |
_aComunicaciones técnicas. serie naranja _926193 |
|
| 901 | _aBK | ||
| 942 | _cFOLL | ||
| 949 |
_aFolleto 8788 _bBC _cFOLL _d-117441 _eTS1 _i52830 _mD _si |
||
| 999 |
_c47712 _d47712 |
||